000 00535nam a2200193Ia 4500
008 151119s9999||||xx |||||||||||||| ||und||
082 _a891.463
082 _bGKKV7491
100 _aखांडेकर संजीव
245 _aअशांत पर्व
260 _a--
260 _b--
260 _c0
600 _aखांडेकर संजीव
630 _aअशांत पर्व
700 _aखांडेकर संजीव
730 _aअशांत पर्व
942 _cBOOK
999 _c1062147
_d1062144